Les figurines antiques de terre cuite du Musée du Louvre / (Record no. 22916)

MARC details
000 -LEADER
fixed length control field 01149cam a22002891a 4500
001 - CONTROL NUMBER
control field f 01002725
003 - CONTROL NUMBER IDENTIFIER
control field DLC
005 - DATE AND TIME OF LATEST TRANSACTION
control field 20260227111244.0
008 - FIXED-LENGTH DATA ELEMENTS--GENERAL INFORMATION
fixed length control field 840218s1883 fr af c 000 0 fre
010 ## - LIBRARY OF CONGRESS CONTROL NUMBER
LC control number f 01002725
035 ## - SYSTEM CONTROL NUMBER
System control number (OCoLC)10433182
040 ## - CATALOGING SOURCE
Original cataloging agency DLC
Transcribing agency OO
Modifying agency OCoLC
-- MBAt
-- DLC
042 ## - AUTHENTICATION CODE
Authentication code premarc
050 00 - LIBRARY OF CONGRESS CALL NUMBER
Classification number NB150
Item number .P25
110 2# - MAIN ENTRY--CORPORATE NAME
Corporate name or jurisdiction name as entry element Musée du Louvre.
Subordinate unit Département des antiquités orientales et de la céramique antique.
245 14 - TITLE STATEMENT
Title Les figurines antiques de terre cuite du Musée du Louvre /
Statement of responsibility, etc. par Léon Heuzey ... gravées par Achille Jacquet ...
260 ## - PUBLICATION, DISTRIBUTION, ETC.
Place of publication, distribution, etc. Paris :
Name of publisher, distributor, etc. A. Morel et cie,
Date of publication, distribution, etc. 1883.
300 ## - PHYSICAL DESCRIPTION
Extent [4], iv, 30, [2] p., 56 (i.e. 60) leaves of plates :
Other physical details ill. ;
Dimensions 37 cm.
500 ## - GENERAL NOTE
General note Title vignette.
500 ## - GENERAL NOTE
General note "Ouvrage publié sous les auspices du Ministère de l'instruction publique et des beaux-arts."
650 #0 - SUBJECT ADDED ENTRY--TOPICAL TERM
Topical term or geographic name entry element Terra-cotta sculpture.
650 #0 - SUBJECT ADDED ENTRY--TOPICAL TERM
Topical term or geographic name entry element Terra-cotta sculpture
Geographic subdivision France
-- Paris
Form subdivision Catalogs.
650 #0 - SUBJECT ADDED ENTRY--TOPICAL TERM
Topical term or geographic name entry element Terra-cotta figurines.
700 1# - ADDED ENTRY--PERSONAL NAME
Personal name Heuzey, Léon Alexandre,
Dates associated with a name 1831-1922.
700 1# - ADDED ENTRY--PERSONAL NAME
Personal name Jacquet, Achille,
Dates associated with a name 1846-1908.
710 1# - ADDED ENTRY--CORPORATE NAME
Corporate name or jurisdiction name as entry element France.
Subordinate unit Ministère de l'éducation nationale.

No items available.

Powered by Koha